Từ điển xây dưng Anh-Việt /

में बचाया:
ग्रंथसूची विवरण
मुख्य लेखक: Võ Như Cầu
स्वरूप: पुस्तक
भाषा:English
प्रकाशित: Đồng Nai, 2000.
विषय:
टैग : टैग जोड़ें
कोई टैग नहीं, इस रिकॉर्ड को टैग करने वाले पहले व्यक्ति बनें!
Thư viện lưu trữ: Mạng thư viện Đại học Đà Nẵng
LEADER 00968cam a22002891a 4500
001 000033069
003 9202
005 20250821152925.0
008 151016s2000 vm 000 eng
041 |a eng 
082 |a 423  |b VO-C 
100 |a Võ Như Cầu 
245 0 |a Từ điển xây dưng Anh-Việt /  |c Võ Như Cầu. 
260 |a Đồng Nai,  |c 2000. 
300 |a 975tr. : ;  |c 20cm. 
650 |a từ điển xây dưng 
653 |a Từ điển xây dưng  |a Từ điển Anh-Việt 
OWN |a LNN 
AVA |a UDN50  |b LNN  |c English  |d 423 VO-C  |e available  |t Error 5001 Not defined in file expand_doc_bib_avail.  |f 2  |g 0  |h N  |i 0  |j AN 
999 |a From the UDN01 
AVA |a UDN50  |b LNN  |c English  |d 423 VO-C  |e available  |t Error 5001 Not defined in file expand_doc_bib_avail.  |f 2  |g 0  |h N  |i 0  |j AN 
TYP |a Monograph 
TYP |a Printed language 
980 |a Mạng thư viện Đại học Đà Nẵng